• 首页
  • 本馆介绍
  • 公告通知
  • 最新文献
  • 馆藏检索
  • 电子资源
  • 读者导购
  • 参考咨询
  • 我的图书馆
  • 登录
  • 详细信息显示
  • 放入我的书架
  • 预约/预借图书
  • 作者相关作品
  • 分类相关作品
  • 丛书相关作品
  • 出版社相关作品

书目信息

  • 表格格式
  • 工作单格式
  • 卡片格式
题名:
论绝对与相对
    
 
作者: 赵凤岐 , 桉苗 著
分册:  
出版信息: 南京   江苏人民出版社  1982
页数: 146页
开本: 21cm
丛书名:
单 册:
中图分类: B024.2 , B024
科图分类:
主题词: 相对性
电子资源:
ISBN:
000 00635nam0 2200253 45
001 1252067894
005 20090929161515.26
010    @dCNY0.49
091    @aCN@b2100.009
100    @a19950524d1982 em y0chiy0121 ea
101 0  @achi
102    @aCN@b320000
105    @ay z 000yy
200 10 @a论绝对与相对@Alun jue dui yu xiang dui@f赵凤岐, 桉苗著
210    @a南京@c江苏人民出版社@d1982
215    @a146页@d21cm
606 0  @a相对性
690    @aB024.2@v3
690    @aB024@v4
701  0 @a赵凤岐@Azhao feng qi@4著
701  0 @a桉苗@Aan miao@4著
801  0 @aCN@bTSSF
801  2 @aCN@bNLC
905    @a10447@dB024@eJY54
    
    论绝对与相对/赵凤岐, 桉苗著.-南京:江苏人民出版社,1982
    146页;21cm
    
    
    ISBN :CNY0.49
    
●
相关链接 在E读中查询图书 在五车中查询图书 在当当中查询图书 在豆瓣中查询图书


正题名:论绝对与相对     索取号:B024/JY54         预约/预借

序号 登录号 条形码 馆藏地/架位号 状态 备注
1 7809532   278095320   学院路分馆/ [索取号:B024/JY54] 在馆    
2 7809533   278095339   学院路分馆/ [索取号:B024/JY54] 在馆    
唐山师范学院图书馆 欢迎您!
大连网信软件有限公司© 版权所有